5HLuxD.jpg

KING HENRY VIII SENIOR AND PRIMARY SCHOOL LIBRARY OPAC

Cultural traditions in Japan / (Record no. 1351)

000 -LEADER
fixed length control field 01912cam a2200409 a 4500
001 - CONTROL NUMBER
control field 17138123
003 - CONTROL NUMBER IDENTIFIER
control field OSt
005 - DATE AND TIME OF LATEST TRANSACTION
control field 20221228151817.0
008 - FIXED-LENGTH DATA ELEMENTS--GENERAL INFORMATION
fixed length control field 120127s2012 onca j 001 0 eng
010 ## - LIBRARY OF CONGRESS CONTROL NUMBER
LC control number 2012003078
016 ## - NATIONAL BIBLIOGRAPHIC AGENCY CONTROL NUMBER
Record control number 20129006688
020 ## - INTERNATIONAL STANDARD BOOK NUMBER
International Standard Book Number 9780778775935 (pbk. : alk. paper)
035 ## - SYSTEM CONTROL NUMBER
System control number (OCoLC)ocn719431136
040 ## - CATALOGING SOURCE
Original cataloging agency DLC
Language of cataloging eng
Transcribing agency DLC
Modifying agency BTCTA
-- BDX
-- BKX
-- NLC
-- MO3
-- YDXCP
-- DLC
-- KH8
042 ## - AUTHENTICATION CODE
Authentication code pcc
-- lcac
043 ## - GEOGRAPHIC AREA CODE
Geographic area code a-ja---
082 00 - DEWEY DECIMAL CLASSIFICATION NUMBER
Classification number 394.26952 PEP
Edition number 23
100 1# - MAIN ENTRY--PERSONAL NAME
Personal name Peppas, Lynn.
Relator term author
245 10 - TITLE STATEMENT
Title Cultural traditions in Japan /
Statement of responsibility, etc. Lynn Peppas.
260 ## - PUBLICATION, DISTRIBUTION, ETC.
Place of publication, distribution, etc. St. Catherines, ON ;
-- New York :
Name of publisher, distributor, etc. Crabtree,
Date of publication, distribution, etc. c2012.
300 ## - PHYSICAL DESCRIPTION
Extent 32 p. :
Other physical details col. ill. ;
Dimensions 29 cm.
490 1# - SERIES STATEMENT
Series statement Cultural traditions in my world
500 ## - GENERAL NOTE
General note Includes index.
505 0# - FORMATTED CONTENTS NOTE
Formatted contents note Welcome to Japan -- Religious traditions in Japan -- Family occasions -- Japanese New Year -- Spring Festival -- Doll Festival -- Flower Festival -- Golden Week -- Obon Festival -- Health and Sports Day -- Culture Day -- 7-5-3 Festival -- Labor Thanksgiving Day -- Emperor's Birthday.
520 ## - SUMMARY, ETC.
Summary, etc. This wonderful book describes the different traditions and festivals celebrated in Japan today and how they are influenced by a love of art, nature, beauty, and ritual. Young readers will also learn how the Japanese people celebrate family occasions.
530 ## - ADDITIONAL PHYSICAL FORM AVAILABLE NOTE
Additional physical form available note Issued also in electronic format.
650 #0 - SUBJECT ADDED ENTRY--TOPICAL TERM
Topical term or geographic name entry element Festivals
Geographic subdivision Japan
Form subdivision Juvenile literature.
650 #0 - SUBJECT ADDED ENTRY--TOPICAL TERM
Topical term or geographic name entry element Holidays
Geographic subdivision Japan
Form subdivision Juvenile literature.
650 #1 - SUBJECT ADDED ENTRY--TOPICAL TERM
Topical term or geographic name entry element Festivals
Geographic subdivision Japan.
650 #1 - SUBJECT ADDED ENTRY--TOPICAL TERM
Topical term or geographic name entry element Holidays
Geographic subdivision Japan.
651 #0 - SUBJECT ADDED ENTRY--GEOGRAPHIC NAME
Geographic name Japan
General subdivision Social life and customs
Form subdivision Juvenile literature.
651 #1 - SUBJECT ADDED ENTRY--GEOGRAPHIC NAME
Geographic name Japan
General subdivision Social life and customs.
830 #0 - SERIES ADDED ENTRY--UNIFORM TITLE
Uniform title Cultural traditions in my world.
906 ## - LOCAL DATA ELEMENT F, LDF (RLIN)
a 7
b cbc
c orignew
d 1
e ecip
f 20
g y-gencatlg
942 ## - ADDED ENTRY ELEMENTS (KOHA)
Source of classification or shelving scheme
Koha item type Books - Non Ficton
Holdings
Withdrawn status Lost status Source of classification or shelving scheme Damaged status Not for loan Collection code Permanent Location Current Location Shelving location Date acquired Total Checkouts Full call number Barcode Date last seen Date last checked out Price effective from Koha item type
          Non-Fiction KH8 Primary School Library KH8 Primary School Library Non Fiction 2022-12-28 25 394.26952 PEP KHPL000003129 2025-12-05 2025-10-09 2022-12-28 Books - Non Ficton

Powered By KH8 IT Dept